Serbian Cyrillic Alphabet - Statistics

General Stats
  • This quiz has been taken 360 times
  • The average score is 23 of 30
Answer Stats
Picture Answer % Correct
a [A]
88%
e [E]
86%
o [O]
86%
b [Be]
84%
j [Je]
84%
m [Em]
84%
r [Er]
84%
t [Te]
84%
g [Ge]
83%
k [Ka]
83%
n [En]
83%
p [Pe]
83%
č [Če]
82%
d [De]
82%
u [U]
82%
f [Fe]
81%
s [Es]
81%
v [Ve]
81%
ž [Že]
81%
z [Ze]
81%
š [Ša]
80%
i [I]
79%
l [El]
78%
h [Ha]
77%
c [Ce]
68%
lj [Lje]
64%
nj [Nje]
62%
đ [Đe]
58%
ć [Će]
56%
dž (Dže)
51%
No matching quizzes found
Score Distribution
Percent of People with Each Score
Percentile by Number Answered
Your Score History
You have not taken this quiz